<?xml version="1.0" encoding="UTF-8"?>
<record
    xmlns:xsi="http://www.w3.org/2001/XMLSchema-instance"
    xsi:schemaLocation="http://www.loc.gov/MARC21/slim http://www.loc.gov/standards/marcxml/schema/MARC21slim.xsd"
    xmlns="http://www.loc.gov/MARC21/slim">

  <leader>     nam a22     7a 4500</leader>
  <datafield tag="999" ind1=" " ind2=" ">
    <subfield code="c">43851</subfield>
    <subfield code="d">43851</subfield>
  </datafield>
  <controlfield tag="003">OSt</controlfield>
  <controlfield tag="005">20180227142715.0</controlfield>
  <controlfield tag="008">180227b        xxu||||| |||| 00| 0 eng d</controlfield>
  <datafield tag="040" ind1=" " ind2=" ">
    <subfield code="c">SERO SOFT</subfield>
  </datafield>
  <datafield tag="100" ind1=" " ind2=" ">
    <subfield code="a">BABEL,BASANTI LAL</subfield>
  </datafield>
  <datafield tag="245" ind1=" " ind2=" ">
    <subfield code="a">LEGAL EDUCATION &amp; RESEARCH METHODOLOGY(HINDI)</subfield>
  </datafield>
  <datafield tag="260" ind1=" " ind2=" ">
    <subfield code="a">ALLAHABAD</subfield>
    <subfield code="b">CENTRAL LAW PUB</subfield>
  </datafield>
  <datafield tag="300" ind1=" " ind2=" ">
    <subfield code="a">207</subfield>
  </datafield>
  <datafield tag="942" ind1=" " ind2=" ">
    <subfield code="2">ddc</subfield>
    <subfield code="c">01</subfield>
  </datafield>
  <datafield tag="952" ind1=" " ind2=" ">
    <subfield code="0">0</subfield>
    <subfield code="1">0</subfield>
    <subfield code="2">ddc</subfield>
    <subfield code="4">0</subfield>
    <subfield code="7">0</subfield>
    <subfield code="a">04</subfield>
    <subfield code="b">04</subfield>
    <subfield code="d">2018-02-27</subfield>
    <subfield code="e">WESTERN LAW HOUSE</subfield>
    <subfield code="g">150.00</subfield>
    <subfield code="i">00001407/17 24/02/2018</subfield>
    <subfield code="l">6</subfield>
    <subfield code="o">001.42BAB</subfield>
    <subfield code="p">04-B-6105</subfield>
    <subfield code="r">2024-04-08</subfield>
    <subfield code="s">2022-02-16</subfield>
    <subfield code="w">2018-02-27</subfield>
    <subfield code="y">02</subfield>
  </datafield>
  <datafield tag="952" ind1=" " ind2=" ">
    <subfield code="0">0</subfield>
    <subfield code="1">0</subfield>
    <subfield code="2">ddc</subfield>
    <subfield code="4">0</subfield>
    <subfield code="7">0</subfield>
    <subfield code="a">04</subfield>
    <subfield code="b">04</subfield>
    <subfield code="d">2018-02-27</subfield>
    <subfield code="e">WESTERN LAW HOUSE</subfield>
    <subfield code="g">150.00</subfield>
    <subfield code="i">00001407/17 24/02/2018</subfield>
    <subfield code="l">6</subfield>
    <subfield code="m">7</subfield>
    <subfield code="o">001.42BAB</subfield>
    <subfield code="p">04-B-6106</subfield>
    <subfield code="r">2024-05-27</subfield>
    <subfield code="s">2024-05-27</subfield>
    <subfield code="w">2018-02-27</subfield>
    <subfield code="y">01</subfield>
  </datafield>
</record>
